De la tierra a la luna
Gardado en:
| Autor Principal: | |
|---|---|
| Formato: | Libro |
| Idioma: | Lingua castelá |
| Publicado: |
Santiago
Publicaciones Lo Castillo
1985
|
| Series: | Biblioteca Escolar Apuntes, 35
|
| Subjects: | |
| Tags: |
Engadir etiqueta
Sen Etiquetas, Sexa o primeiro en etiquetar este rexistro!
|
MARC
| LEADER | 00000nam a2200000 a 4500 | ||
|---|---|---|---|
| 001 | UCW5451 | ||
| 003 | CL-VaPUC | ||
| 008 | 910423e19850000CL |||||||||||||||||spa|d | ||
| 082 | 0 | 4 | |a 843 |b VER |2 21 |
| 100 | 0 | |a Verne, Julio |e author |9 310445 | |
| 245 | 1 | 0 | |a De la tierra a la luna |
| 300 | |a 111 p | ||
| 942 | |c BK | ||
| 945 | |d 19910423 00:00:00 | ||
| 260 | |a Santiago |b Publicaciones Lo Castillo |c 1985 | ||
| 650 | 0 | |a Novela francesa |9 264985 | |
| 583 | |a last modification |c 19910423 00:00:00 |k Rodrigo Vera | ||
| 490 | 0 | |a Biblioteca Escolar Apuntes, 35 | |
| 999 | |c 218891 |d 218889 | ||
| 952 | |0 0 |1 0 |4 0 |6 843_000000000000000_VER_1985 |7 0 |8 A |9 209197 |a BIBEDU |b BIBEDU |d 2019-11-15 |i 2769832 |o 843 VER 1985 |p 2769832 |r 2019-11-15 |w 2019-11-15 |y BK |k EDU | ||